Loreto College Library, Kolkata
WEBOPAC (ONLINE PUBLIC ACCESS CATALOGUE)

Nineteenth - century French romantic poets (Record no. 24324)

MARC details
000 -LEADER
fixed length control field 00680nam a2200205Ia 4500
008 - FIXED-LENGTH DATA ELEMENTS--GENERAL INFORMATION
fixed length control field 131103s9999 xx 000 0 und d
040 ## - CATALOGING SOURCE
Original cataloging agency Loreto College
041 ## - LANGUAGE CODE
Language code English
082 ## - DDC | ডিউই
Classification number | বর্গসংখ্যা 841.09/DEN
Book Number | গ্রন্থাঙ্ক LCLIB/20481
100 ## - MAIN ENTRY--PERSONAL NAME | মুখ্য সংলেখ - ব্যাক্তিনাম
Personal name | ব্যাক্তিনাম Denomme, Robert T
245 ## - TITLE STATEMENT | অাখ্যা বিবরণী
Title | অাখ্যা Nineteenth - century French romantic poets
Statement of responsibility | লেখকের দায়িত্বের বিবরণ Robert T Denomme
260 ## - IMPRINT | প্রকাশনা ক্ষেত্র
Place of publication | প্রকাশ স্থান Carbondale
Name of publisher | প্রকাশকের নাম Southern Illinois University
Date of publication | প্রকাশ কাল 1969
300 ## - PHYSICAL DESCRIPTION |
Page / Vol. No | পৃষ্ঠা / খন্ড সংখ্যা xii,176p.
440 ## - SERIES STATEMENT |গ্রন্থমালা
Series Title | গ্রন্থমালা অাখ্যা Crosscurrents/Modern critiques
504 ## - BIBLIOGRAPHY, ETC. NOTE
Bibliography, etc Includes biblographical references,notes & index
650 ## - SUBJECT ADDED ENTRY--TOPICAL TERM | বিষয় শিরোনাম - মূল বিষয়
Topical term | মূল বিষয় Denomme, Robert T - criticism
651 ## - SUBJECT ADDED ENTRY--GEOGRAPHIC NAME | বিষয় শিরোনাম - ভৌগলিক নাম
Geographic name | ভৌগলিক বিষয় French poets - 19th century - criticism
850 ## - HOLDING INSTITUTION
Holding institution LCLIB/841.09/DEN
942 ## - ADDED ENTRY ELEMENTS (KOHA)
Koha item type Books
Holdings
Withdrawn status Lost status Damaged status Not for loan Home library Current library Date acquired Total Checkouts Full call number Accession No. Date last seen Price effective from Koha item type
        Loreto College Loreto College 04/11/2013   841.09/DEN LCLIB/20481 B27033 04/11/2013 04/11/2013 Books